Jugadores Francia #1 - Estadísticas

Estadísticas generales
  • Esta prueba ha sido intentada 44 veces
  • La puntuación promedio es 17 de 20
Estadísticas de respuestas
Imagen Respuesta % Correcto
Griezmann
100%
Mbappe
100%
Camavinga
97%
Dembele
97%
Kante
97%
Kounde
95%
Theo Hernandez
95%
Coman
89%
Tchouameni
89%
Lenglet
87%
Rabiot
87%
Barcola
84%
Maignan
82%
Olise
82%
Saliba
82%
Konate
79%
Thuram
79%
Zaire Emery
74%
Kolo Muani
71%
Diaby
63%
No se encontraron pruebas coincidentes
Distribución de puntuación
Porcentaje de gente con cada puntuación
Porcentaje por número respondido
Historial de tus puntuaciones
No has intentado esta prueba.